000 00545nam a22001937a 4500
003 KOHA_MİRAKIL
005 20250409135127.0
008 250409b tu ||||| |||| 00| 0 tur d
020 _a9786257587051
040 _aTR-AnABB
_btur
_cTR-AnABB
041 _atur
082 _a891.8235
_bPAV 2021
100 1 _aPaviç, Milorad,
245 1 0 _aEşsiz parça, mavi kitap /
_cMilorad Paviç
260 _aİstanbul :
_bKetebe Yayınları,
_c2021
300 _a268 sayfa ;
_c21 cm
650 0 4 _aSırp edebiyatı, roman
942 _2ddc
_cBK
999 _c8606
_d8606
900 _bGizem YORULMAZ